Za evropské peníze na globální trhy

Nové programovacie obdobie pre roky 2007-2013 : neopakovateľná príležitosť ako využiť európsky sociálny fond pre rozvoj v oblasti ľudských zdrojov. Možnosť podať svoj vlastný projekt, alebo využitie existujúcich služieb v tejto oblasti. Ako vybrať skúsenosť a kvalitu. Spolupráca s projektovým manažé...

Celý popis

Uložené v:
Podrobná bibliografia
Hlavný autor: Popovičová, Jana
Médium: Kapitola
Jazyk:Czech
Predmet:
Tagy: Pridať tag
Žiadne tagy, Buďte prvý, kto otaguje tento záznam!

MARC

LEADER 00000naa$a2200000$$$4500
001 0080367
005 20231018131214.4
041 0 |a cze 
044 |a CZ 
245 1 0 |a Za evropské peníze na globální trhy  |c Jana Popovičová 
520 |a Nové programovacie obdobie pre roky 2007-2013 : neopakovateľná príležitosť ako využiť európsky sociálny fond pre rozvoj v oblasti ľudských zdrojov. Možnosť podať svoj vlastný projekt, alebo využitie existujúcich služieb v tejto oblasti. Ako vybrať skúsenosť a kvalitu. Spolupráca s projektovým manažérom. 
610 2 0 |a financie 
610 2 0 |a financovanie 
610 2 0 |a projekty 
610 2 0 |a fondy štruktúrne 
610 2 0 |a Európska únia 
100 1 |a Popovičová, Jana